01807nam a2200337 a 4500001001000000005001700010008004100027041000800068044000800076084002000084100005000104245018000154260003800334300004300372500012800415500018400543500020200727500001000929546002400939650005700963650006101020650003901081650005001120700004501170700005601215740005001271902000801321942001101329999001501340952011401355BRCA_319920190320204147.0180209s1733----enka---###---#000-0#eng-u aeng aenk a501b.H93c17331 aCervantes Saavedra, Miguel ded1547-1616921310aThe History of the Valorous and Witty Knight-Errant Don Quixote of the ManchacWritten in Spanish by Michael Cervantes ; Translated into English by Mr. Shelton, and Mr. Blunt. aDublinbS. Hyde : J. Dobsonc1733 a4 v.bil.c18 cm.eláminas plegables aContenido : v 1. Primera parte. Prefacio de los editores. Texto. -- v 2. Texto. -- v 3. Segunda parte. Texto. -- v 4. Texto aEdición : And Now Print from the Quarto Edition of 1620. With a Curious Sett of Cutts from the French of Coypel and Several Annotations and Amendments, not in any Former Edition aReimpresión de la traducción de Shelton de 1620, revisada y corregida por Blunt, precedida de un prólogo. Va adornada con dibujos de Coypel. Piel; lomos decorados con dorados Lúdovik Osterc aQM720 aTexto en : inglés14aNovela españolayÉpoca clásica, 1500-1700921514aLiteratura españolayÉpoca clásica, 1500-1700921614aNovela españolaySiglo XVII921714aDon Quijote (Personaje ficticio)eNovela92181 aShelton, Thomasd?-1626eTraductor985711 aCoypel, Charles-Antoned1694-1752eIlustrador985720 aEl Ingenioso Hidalgo Don Quijote de la Mancha aQFM 2lcccB c2935d2935 00104070aBRCAbBRCAd2009-02-18iQM720l0o501 .H93 1733 (QM720)p3196r2019-03-22 00:00:00w2019-03-22yB